| 000 | 00000nam##2200000za#4500 |
| 001 | 9.572248 |
| 003 | CaOODSP |
| 005 | 20220111083049 |
| 007 | cr ||||||||||| |
| 008 | 150406|1991||||xxc|||||o f|0| 0 eng|d |
| 022 | |a1928-6414 |
| 040 | |aCaOODSP|beng |
| 043 | |an-cn--- |
| 086 | 1 |aNE22-1/1991-2E-PDF |
| 110 | 1 |aCanada. |bNational Energy Board. |
| 245 | 10|aReasons for decision in the matter of Trans Québec & Maritimes Pipeline Inc. : |h[electronic resource]|bapplication dated 17 July 1990, as revised for new tolls effective 1 January 1991 and 1 January 1992 |
| 246 | 1 |iVariant title : |aTrans Québec & Maritimes Pipeline Inc. |
| 260 | |aOttawa - Ontario : |bNational Energy Board |cFebruary 1991. |
| 300 | |a49p.|btables |
| 490 | 1 |aReasons for decision|x1928-6414|vRH-2-90 |
| 500 | |aThe catalogue number (NE22-1/1991-2E) and ISBN (0-662-18515-3) for the print edition have been incorrectly copied in this electronic publication. |
| 590 | |a12-06-Supp|b2012-03-07 |
| 775 | 08|tMotifs de décision relativement à Gazoduc Trans Québec & Maritimes Inc. : |w(CaOODSP)9.602636 |
| 830 | #0|aReasons for decision (Canada. National Energy Board)|x1928-6414|vRH-2-90|w(CaOODSP)9.504480 |
| 856 | 40|ahttp://publications.gc.ca|qPDF|s125 KB|uhttps://publications.gc.ca/collections/Collection/NE22-1-1991-2E.pdf|yRH-2-90 |